Speciale famiglia (Record n. 358757)
[ formato base ]
| 000 -LEADER | |
|---|---|
| campo di controllo lung. fissa | 00726nam a22002417a 4500 |
| 003 - Identificatore del numero di controllo | |
| campo di controllo | IT-MiCISF |
| 005 - Data e orario dell'ultima transazione | |
| campo di controllo | 20200728180151.0 |
| 008 - Elementi di lunghezza fissa--Informazione generale | |
| campo di controllo lung. fissa | 200728b ||||| |||| 00| 0 eng d |
| 040 ## - Fonte della catalogazione | |
| Agenzia che fa la trascrizione | IT-MiCISF |
| 041 ## - Codice di lingua | |
| Codice di lingua del testo/traccia sonora o titolo separato | it |
| 100 ## - Accesso principale -- nome di persona | |
| Nome di persona | Eguez Maria Luisa (et al.) |
| 9 (RLIN) | 58274 |
| 210 ## - Titolo abbreviato | |
| Titolo abbreviato | Cronache e opinioni |
| 245 ## - Formulazione del titolo | |
| Titolo | Speciale famiglia |
| 260 ## - Pubblicazione, distribuzione, ecc. (stampa) | |
| Data di pubblicazione, distribuzione, ecc. | 2019 |
| 300 ## - Descrizione fisica | |
| Estensione | pp. 4-28 |
| 310 ## - Periodicità corrente della pubblicazione | |
| Periodicità corrente della pubblicazione | mensile |
| 362 ## - Date della pubblicazione e/o designazione sequenziale | |
| Date della pubblicazione e/o designazione sequenziale | n. 6-7 |
| 500 ## - Nota generale | |
| Nota generale | famiglia, chiesa, società, denatalità, nuovi-media, diritto |
| 650 ## - Accesso aggiunto di soggetto--termine topico | |
| Termine topico o nome geografico come accesso | famiglia |
| 9 (RLIN) | 56036 |
| 654 ## - Accesso aggiunto di soggetto--termini topici faccettati | |
| Termine principale | dossier |
| 700 ## - Accesso aggiunto--nome di persona | |
| Nome di persona | Lufrani R. |
| -- | Tavilla G. |
| -- | Coppo M.T. |
| -- | Benedetti Esposito L. |
| -- | Belletti F. |
| -- | Lodi Gherardi N. |
| -- | Ciccarelli E. |
| -- | Manna E. |
| -- | Gavazzi A. |
| 9 (RLIN) | 58276 |
| 942 ## - Dati aggiuntivi (Koha) | |
| Fonte della classificazione o dello schema di collocazione (segnatura) | Dewey Decimal Classification |
| Tipo copia default (Koha) | RIVISTA |
| Ritirato (status) | Perso (status) | Fonte della classificazione o dello schema di collocazione (segnatura) | Danneggiato (status) | Non per il presito | Biblioteca proprietaria | Biblioteca in cui si trova | Data d'acquisizione | Totale prestiti | Collocazione | Data ultima operazione | Prezzo in vigore dal | Tipo copia default (Koha) |
|---|---|---|---|---|---|---|---|---|---|---|---|---|
| Dewey Decimal Classification | Buone Condizioni | Not For Loan | CISF - Milano | CISF - Milano | 28/07/2020 | A50/R174 | 28/07/2020 | 28/07/2020 | RIVISTA |